LDR 00787naa#a2200157#i#450# 001 EN\\bibl\20222 005 20260702080109.4 100 ## _a20260630b2026####ek#y0engy0150####ca 102 ## _aRU 200 1# _aHYBRID NEURAL NETWORK ARCHITECTURE WITH TWO-LEVEL ATTENTION SYSTEM FOR DIGITAL FOOTPRINT ANALYSIS IN UEBA-CLASS SYSTEMS _eConference article/thesis 210 1# _aVoronezh _cFSBE Institution of Higher Education Voronezh State University of Forestry and Technologies named after G.F. Morozov _d2026 215 ## _a11 с. 608 ## _aConference article/thesis _2local 675 ## _aИнформационные технологии. Компьютерные технологии. Теория вычислительных машин и систем. 004 _z 700 #1 _aMaltsev _gV. V. 856 4# _abibl.vgltu.ru _u